| 000 | 00795nam a22002177a 4500 | ||
|---|---|---|---|
| 003 | SISC | ||
| 005 | 20160404145154.0 | ||
| 008 | 130814t xxu||||| |||| 00| 0 eng d | ||
| 020 | _a1551380684 | ||
| 050 |
_aHM 132 _b.C54 1996 |
||
| 082 |
_aHS 158.2 _bC54 1996 |
||
| 110 |
_a The Metropolitan Toronto school Board. _910511 |
||
| 245 |
_aChallenging ourselves : _btowards gender equity and violence-free relationship / _cThe metropolitan Toronto school board |
||
| 260 |
_aCanada : _bPembroke Publishers Limited, _cc1996. |
||
| 300 |
_a109 p. : _bill. ; _c28 cm. |
||
| 650 |
_aInterpersonal relations _xstudy and teaching _xSecondary _910512 |
||
| 650 |
_aSexism _xstudy and teaching _910513 |
||
| 650 |
_aConflict management _xstudy and teaching _910514 |
||
| 942 |
_2lcc _cBK |
||
| 999 |
_c8644 _d8644 |
||